Statistiche per Personaggi de I Promessi Sposi

Clicka qui per fare il quiz!

Statistiche generali

  • Questo quiz è stato fatto 94 volte
  • Il punteggio medio è 10 su 11

Statistiche sulle risposte

HintRisposta% Corretto
Fidanzata di Renzo, tessitrice e orfana di padre; vive con la madre Agnese. Timorata di Dio, dotata di una morale solida, ma anche capace di sottili astuzie; come quando, vedendo che l'Innominato comincia a commuoversi, esplode in accenti ancora più accorati, che lo inducono a capitolare.Lucia Mondella
99%
Domestica di don Abbondio; aveva passato l'età sinodale dei quarant'anni, rimanendo nubile, per aver rifiutato tutti i partiti che le si erano offerti, come diceva lei, o per non aver mai trovato un cane che la volesse, come dicevano le sue amiche.Perpetua
93%
Tessitrice e madre di Lucia. Pragmatica, sicura di sé e dotata di furbizia "di paese".Agnese
92%
Figlia di un potente signore di Monza, secondo Manzoni è sempre stata indirizzata alla vita in convento, anche se ciò andava contro la sua natura.Monaca di Monza
91%
Meschino avvocato trasandato, sempre al servizio dei potenti.Azzeccagarbugli
89%
Operaio tessile e contadino, condizioni economiche medie, orfano e fidanzato di Lucia. Animo buono, dai valori morali semplici e onesti; ma anche ingenuo e impulsivo; e per questo capace di cacciarsi nei guai, come accade a Milano.Renzo Tramaglino
89%
Curato del paese, vocazione non spirituale, ma di convenienza; non benestante; esercita una forma di banco di pegni. Pavido, egoista, pauroso e codardo si ispira alla regola di "scansare tutti i contrasti e cedere quelli che non può scansare".Don Abbondio
85%
Antagonista incapricciato di Lucia; nobiluomo orgoglioso e maligno.Don Rodrigo
83%
Uno dei bravi di Don Rodrigo, opportunista nel punto di morte di quest'ultimo.Griso
83%
Padre cappuccino, appartenente a una benestante famiglia di mercanti, in gioventù arrivista e arrogante.Fra Cristoforo
81%
Figura malvagia ma preda da un certo tempo di una profonda crisi spirituale, che lo porta a non riconoscersi più nelle sue malefatte ed a convertirsi.Innominato
76%

Distribuzione punteggi

Percentile per numero di risposta

Percentuale di utenti per punteggio

I tuoi punteggi nel tempo

Non hai fatto questo quiz